00454nam a2200133Ia 4500008004100000100001900041245011400060245001900174260005900193260000900252650001800261650001500279856002600294170221s9999 xx 000 0 und d aYoung Joon Lim 4aThe New Leader of North Korea: Comparative Coverage of Kim Jong Un By U.S., Chinese, And Japanese Newspapers  cYoung Joon Lim bOnline Journal of Communication and Media Technologies c2016 xCommunication xMedia Arts uhttp://www.ojcmt.net/